Normal view
MARC view
- Political culture
Entry Topical Term
001 - CONTROL NUMBER
- control field: 14211
003 - CONTROL NUMBER IDENTIFIER
- control field: NUST
005 - DATE AND TIME OF LATEST TRANSACTION
- control field: 20190427093043.0
008 - FIXED-LENGTH DATA ELEMENTS
- fixed length control field: 190427|| aca||aabn | a|a d
040 ## - CATALOGING SOURCE
- Original cataloging agency: NUST
- Transcribing agency: NUST
150 ## - HEADING--TOPICAL TERM
- Topical term or geographic name entry element: Political culture
- Geographic subdivision: China.
670 ## - SOURCE DATA FOUND
- Source citation: Work cat.: (NUST)0: Bell, Daniel (Daniel A.), 1964- author. 14210, The China model :
